Alma mater Revue pro vysoké školy

Enregistré dans:
Détails bibliographiques
Format: Publication en série
Langue:tchèque
Publié: Praha Státní pedagogické nakladatelství 1992
Sujets:
Tags: Ajouter un tag
Pas de tags, Soyez le premier à ajouter un tag!

MARC

LEADER 00000nas2a2200000 4500
001 s016186
005 20180117152325.8
022 |a 1210-0544 
041 0 |a cze 
044 |a CZ 
245 1 0 |a Alma mater  |b Revue pro vysoké školy 
264 1 |a Praha  |b Státní pedagogické nakladatelství  |c 1992 
300 |a 1 zv. 
773 0 |w eu_un_cat*s120002 
610 2 0 |a školy vysoké 
610 2 0 |a pedagogika